La cooperacin̤ Latinoamřica-Europa Contexto, preocupaciones, modalidades y actores en la encrucijada /

Detalles Bibliográficos
Autor principal: Da̕z Barrado, Cs̀tor
Formato: eBook
Lenguaje:español
Publicado: Madrid : Plaza y Valdš Editores, 2009.
Colección:Cuadernos Iberoamericanos de Integracin̤
Materias:
Acceso en línea:Acceso restringido

MARC

LEADER 00000nam a22000007a 4500
005 20111005112119.0
008 111005s2009 sp |||||s|||| 00||0 spa d
020 |a 1888-6736 
035 |a 4735 
040 |a vLex 
090 |c 2615  |d 2615 
100 1 |a Da̕z Barrado, Cs̀tor 
245 1 3 |a La cooperacin̤ Latinoamřica-Europa  |h [Recurso electrn̤ico] :  |b Contexto, preocupaciones, modalidades y actores en la encrucijada /  |c Cs̀tor Da̕z Barrado 
256 |a Servicio en ln̕ea. 
260 |a Madrid :  |b Plaza y Valdš Editores,  |c 2009. 
300 |a 1 recurso electrn̤ico 
506 1 |a Contenido solo disponible en los productos indicados  |d vLex Global  |d vLex Global (Academic Edition, excluding Law Schools)  |d vLex Global (U.S. Academic Edition, Law Schools)  |d vLex Global (U.S. Academic Edition, excluding Law Schools)  |d vLex Global (Academic Edition, Law Schools) 
650 0 4 |a Cooperacin̤ internacional  |z Amřica Latina 
650 0 4 |a Cooperacin̤ internacional  |z Europa 
740 0 |a vLex Libros (Servicio en ln̕ea) 
830 0 |a Cuadernos Iberoamericanos de Integracin̤ 
856 4 0 |u http://vlex.com/source/cooperacion-latinoamerica-europa-contexto-preocupaciones-modalidades-actores-encrucijada-4735  |z Acceso restringido 
942 |c BOOK